| 000 | 00445 a2200145 4500 | ||
|---|---|---|---|
| 999 |
_c2118 _d2118 |
||
| 020 | _a9788120300279 | ||
| 050 | _aHD 38.5 GOP 2005 | ||
| 100 | _aGopalakrishan, P. | ||
| 245 |
_aMaterials management: _ban integrated approach/ _cP. Gopalakrishan and M. Sundaresan |
||
| 264 |
_aNew Delhi: _bPrentice-hall of lndia, _c2005 |
||
| 300 |
_axi,276p.: _bill. |
||
| 500 | _aincludes index | ||
| 650 | _aMaterial management | ||
| 942 |
_2lcc _cBK _h38.5 _iGOP _kHD |
||